000 00627nam a2200229Ia 4500
005 20250508151406.0
008 008 250505s9999 xx 000 0 eng d
037 _aTextBook
040 _aFEDL
_beng
_cFEDL
041 _aeng
_2eng
084 _a155.4, HUR/R
_qFEDL
100 _aHurlock Elizabeth B
245 0 _aChild development
250 _a2
260 _aNew York, USA
_bMcGraw-Hill Book Company, Inc.
_c1950
300 _axii,669p
365 _aINR
_b27.8
490 _aMcGraw Publications In Psychology
650 _aChild Psychology
942 _cTB
_h155.4, HUR/R
999 _c1329482
_d1329482